Southville International School and Colleges
Your cart is empty.
  • Cart
  • Lists
    Public lists Eva Luna New books Lux_list list_1
    Your lists Log in to create your own lists
  • Log in to your account
  • Your cookies
  • Search history
Southville International School and Colleges
  • Advanced search
  • Recent comments
  • Most popular
  • Libraries

Log in to your account

Log in with GOOGLE


If you do not have an external account, but do have a local account, you can still log in:

  1. Home
  2. MARC view: Jungle book (The) /
Normal view MARC view ISBD view

Jungle book (The) / (Record no. 111492)

[ view plain ]
MARC details
000 -LEADER
fixed length control field 00512nam a2200181 a 4500
001 - CONTROL NUMBER
control field 0008
005 - DATE AND TIME OF LATEST TRANSACTION
control field 20140414131916.0
008 - FIXED-LENGTH DATA ELEMENTS--GENERAL INFORMATION
fixed length control field 040726s19uu xx 00 eng d
020 ## - INTERNATIONAL STANDARD BOOK NUMBER
International Standard Book Number 0-7853-1030-4
050 ## - LIBRARY OF CONGRESS CALL NUMBER
Classification number ER
Item number J87 1994
100 ## - MAIN ENTRY--PERSONAL NAME
Personal name Torrisi, Gary
245 ## - TITLE STATEMENT
Title Jungle book (The) /
Statement of responsibility, etc illustrations by Gary Torrisi.
260 ## - PUBLICATION, DISTRIBUTION, ETC. (IMPRINT)
Place of publication, distribution, etc Lincolnwood, Illinois :
Name of publisher, distributor, etc Publications International,
Date of publication, distribution, etc 1994.
300 ## - PHYSICAL DESCRIPTION
Extent 1 v. : ill. ; cm.
650 ## - SUBJECT ADDED ENTRY--TOPICAL TERM
Topical term or geographic name as entry element Forest
General subdivision Fiction.
650 ## - SUBJECT ADDED ENTRY--TOPICAL TERM
Topical term or geographic name as entry element Children stories.
Holdings
Withdrawn status Lost status Damaged status Use restrictions Home library Current library Shelving location Date acquired Source of acquisition Total Checkouts Full call number Barcode Date last seen Price effective from Koha item type
        Munich Library Munich Library Easy Reading Section 07/26/2004     ER J87 1994 M2233 04/14/2014 04/14/2014 Books

Jungle book (The) /

APA

Torrisi G., . (1994). Jungle book (The). Lincolnwood, Illinois: Publications International.

Chicago

Torrisi Gary, . 1994. Jungle book (The). Lincolnwood, Illinois: Publications International.

Harvard

Torrisi G., . (1994). Jungle book (The). Lincolnwood, Illinois: Publications International.

MLA

Torrisi Gary, . Jungle book (The). Lincolnwood, Illinois: Publications International. 1994.

  • Place hold
  • Print
  • Cite
  • Add to your cart (remove)
  • Save record
    BIBTEX Dublin Core MARCXML MARC (non-Unicode/MARC-8) MARC (Unicode/UTF-8) MARC (Unicode/UTF-8, Standard) MODS (XML) RIS
  • More searches
    Search for this title in:
    Other Libraries (WorldCat) Other Databases (Google Scholar) Online Stores (Bookfinder.com) Open Library (openlibrary.org)

Exporting to Dublin Core...

SOUTHVILLE LIBRARY

Southville International School and Colleges Library

1281 Tropical Ave. Cor. Luxembourg St., BF Homes International, Las Pinas City

Tel. No. 8256374 / 252358 Loc. 117/146

Powered by Koha